[Event "27th Fajr Cup Masters 2019"]
[Site "Tehran"]
[Date "2019.02.08"]
[Round "5.5"]
[White "Gholami Orimi, Mahdi"]
[Black "Fedorchuk, Sergey A."]
[Result "0-1"]
[WhiteElo "2375"]
[BlackElo "2604"]
[Annotator "TA"]
[PlyCount "120"]
[EventDate "2019.02.05"]
[EventType "swiss"]
[EventCountry "IRI"]
[SourceTitle "playchess.com"]
[Source "ChessBase"]
[SourceQuality "1"]

{[%evp 14,120,41,42,47,15,32,16,70,26,47,46,51,23,21,28,40,10,56,56,55,56,55,53,86,89,121,102,159,98,98,96,95,99,118,84,79,84,100,89,92,91,105,110,122,106,117,104,117,102,141,127,165,135,169,152,150,168,185,162,160,168,139,166,209,187,229,100,212,110,103,129,120,141,164,0,231,227,218,186,560,316,295,0,0,0,0,0,119,141,127,-29980,-5493,-29976,-29977,-464,-29972,-29991,-29992,-29992,-29993,-29993,-29990,-29994,-29991,-29991,-29992,-29993,-29993]} 1. d4 Nf6 ({Predecessor:} 1... c5 2. d5 g6 3. c4 Bg7 4. Nc3 d6 5. e4 {0-1 (37) Agababean,N (2180)-Javakhishvili,L (2475) Mulhouse 2014}) 2. c4 c5 $146 (2... g6 3. Nc3 Bg7 4. e4 d6 5. Bd3 O-O 6. Nge2 c5 {½-½ (75) Jumabayev,R (2605)-Amonatov,F (2615) Batumi 2018}) 3. d5 g6 4. Nc3 Bg7 5. e4 d6 6. Bd3 O-O 7. Nge2 e6 8. O-O Nbd7 {E70: King's Indian: Miscellaneous lines with 4 e4, including 5 Nge2 and 5 Bd3 0-0 6 Nge2} (8... exd5 9. cxd5 a6 10. a4 Re8 11. Ng3 b6 12. h3 Ra7 13. Bg5 h6 14. Bd2 Nh7 15. f4 h5 16. Kh1 h4 17. Nge2 Nd7 18. Be1 Rc7 {½-½ (75) Jumabayev,R (2605)-Amonatov,F (2615) Batumi 2018}) ({Predecessor:} 8... a6 9. a4 Nbd7 {0-1 (37) Agababean,N (2180)-Javakhishvili,L (2475) Mulhouse 2014}) 9. f4 a6 10. a4 Rb8 (10... exd5 $11 11. exd5 (11. cxd5 Re8 $11) 11... Ne8) ({Predecessor:} 10... exd5 11. cxd5 Re8 12. h3 c4 13. Bxc4 Nxe4 14. Nxe4 Rxe4 15. Bd3 Re8 16. Bc2 Nf6 17. Nc3 Nh5 18. Qf3 Bd4+ 19. Kh2 {0-1 (37) Agababean,N (2180)-Javakhishvili,L (2475) Mulhouse 2014}) 11. Ra3 Qe7 12. h3 exd5 13. exd5 Ne8 14. Re1 f5 15. Kh2 Qf7 16. Ng1 Nc7 17. a5 Re8 18. Nf3 h6 19. Rg1 Nf8 20. Rb3 Bd7 (20... Re7 $142) 21. Qc2 (21. g4 $142) 21... Bd4 $16 22. Rf1 Bg7 23. Bd2 Na8 24. Ra3 b5 {...b4 is the strong threat.} 25. axb6 $1 Rxb6 26. Nd1 Reb8 27. b3 Bc8 28. Nf2 Nc7 29. Rg1 Ne8 30. g4 Kh8 31. Rg3 R6b7 32. gxf5 gxf5 33. Nh4 $1 {[%cal Rd3f5]} Re7 34. Rg2 (34. Nxf5 Bxf5 35. Bxf5 Re2 $17) 34... Bd4 35. Nh1 Qf6 36. Nxf5 Bxf5 37. Bxf5 Ng7 38. Ng3 $1 Rbe8 {If Black can now play ...Be3 this consolidates a bit.} 39. Rxa6 Be3 40. Bd3 (40. Bc3 $18 Qh4 41. Bg6) 40... Qxf4 (40... Bxd2 $16 41. Qxd2 Re3) 41. Bc3 (41. Ra1 $1 $18) 41... h5 {Threatens to win with ...h4.} 42. Kh1 Bd4 43. Bxd4 cxd4 44. Qd2 $2 (44. Nf1 $18) 44... Re3 $2 {[#]} (44... Re1+ $11 {and Black has nothing to worry.} 45. Kh2 R8e3) 45. Nf1 $1 $18 {[%cal Rf1e3]} Rxh3+ 46. Kg1 Qf6 $2 (46... Qxd2 {is tougher.} 47. Rxd2 Rd8) 47. c5 Nh7 {With the idea ...Qh4.} 48. Bxh7 $2 ({Less strong is} 48. cxd6 Qh4 $16) ({White should try} 48. Rxd6 $18 Qh4 49. Nh2) 48... Qh4 $1 $11 {[%csl Gh4][%cal Rh3h1]} 49. Rh2 Kxh7 $40 {[%mdl 128] Black mounts an attack.} 50. Rxd6 {Strongly threatening Rxh3.} Nf5 {[#]} (50... Rg3+ $11 {remains equal.} 51. Rg2 (51. Nxg3 Qxg3+ 52. Kf1 Ra8 $17) 51... Rxg2+ 52. Qxg2 d3 53. Qg6+ {[%mdl 64] Double Attack} Kh8) 51. Rd7+ $1 $16 ({Don't go for} 51. Qg2 $2 Rg8 $19) 51... Kh8 {( -> ...Rg8+)} 52. Qg2 $2 {[%mdl 8192]} (52. Rxh3 $16 Qxh3 53. Qg5) 52... Rg8 (52... Rxh2 $142 53. Nxh2 Rg8 54. Nf1 d3 55. Qxg8+ Kxg8 56. b4 Qd4+ 57. Kh1 Qf2 58. Rd8+ Kh7 59. Rd7+ Kg6 60. Rd6+ Nxd6 61. cxd6 Qxf1+ 62. Kh2 Qf2+ 63. Kh1 d2 64. d7 d1=Q#) 53. Rxh3 Qxh3 {[%csl Gh3][%cal Rg8g2]} 54. Qxg8+ Kxg8 55. c6 {Black mates.} Nh4 {[%csl Gh4][%cal Rh3g2]} 56. Kf2 Qg2+ 57. Ke1 Nf3+ 58. Kd1 Qxf1+ 59. Kc2 Qe2+ 60. Kc1 d3 {Accuracy: White = 53%, Black = 49%.} 0-1

[Event "27th Fajr Cup Masters 2019"]
[Site "Tehran"]
[Date "2019.02.08"]
[Round "5.6"]
[White "Ter-Sahakyan, Samvel"]
[Black "Pour Agha Bala, Amirreza"]
[Result "1/2-1/2"]
[WhiteElo "2593"]
[BlackElo "2362"]
[Annotator "TA"]
[PlyCount "76"]
[EventDate "2019.02.05"]
[EventType "swiss"]
[EventCountry "IRI"]
[SourceTitle "playchess.com"]
[Source "ChessBase"]
[SourceQuality "1"]

{[%evp 20,76,56,25,63,61,76,61,71,41,33,39,17,0,0,0,6,15,21,24,33,-13,39,37,74,77,234,234,201,237,343,341,252,183,183,178,158,178,264,238,221,0,0,0,0,0,0,0,0,0,0,0,0,0,0,0,0,0,0]} 1. e4 c5 2. Nf3 e6 3. d4 cxd4 4. Nxd4 a6 5. c4 Nf6 6. Nc3 Qc7 7. Be2 b6 8. O-O Bb7 9. Qd3 d6 10. f4 Nbd7 11. b4 Rc8 {B41: Sicilian: Kan Variation: 5 c4} 12. Bd2 g6 $146 ({Predecessor:} 12... Be7 13. g4 g5 14. fxg5 Ne5 15. Qe3 Nfxg4 16. Qg3 h5 17. Rac1 Rg8 18. h3 Nf6 19. Kh2 Nxe4 20. Nxe4 Bxe4 21. Bxh5 {1-0 (57) Muzychuk,A (2569)-Koneru,H (2541) St Petersburg 2018}) 13. Rac1 Bg7 {White is slightly better.} 14. f5 exf5 $1 15. exf5 O-O 16. Nd5 Ne5 17. Nxf6+ Bxf6 18. Qg3 {fxg6 is the strong threat.} Nd7 19. Nf3 Rfe8 20. Bd3 {[%cal Rf5g6]} Be4 (20... Bxf3 $11 21. Rxf3 Bd4+ 22. Kh1 Ne5) 21. Ng5 d5 22. Bf4 $40 {[%mdl 128] White has strong attack.} Qd8 $2 {[#]} (22... Qb7 $16 {was necessary.}) 23. Bxe4 $1 $18 dxe4 {[#]} 24. Rcd1 $1 e3 (24... Bxg5 $142 25. Bxg5 Qc7) 25. fxg6 fxg6 26. Bxe3 {Hoping for Nxh7!} Qe7 27. Rxd7 $1 {[%mdl 64] Remove Defender} Qxd7 28. Rxf6 {And now Nf7 would win.} Rxc4 (28... Qd1+ {was called for.} 29. Rf1 Qd3) 29. h3 Rc3 30. Nxh7 $2 ({Only move:} 30. Rf3 $18) 30... Rcxe3 $11 {The position is equal.} 31. Qxg6+ Qg7 {White must now prevent ...Qxg6.} 32. Ng5 Qxg6 33. Rxg6+ {[%mdl 4096] Endgame KRR-KRN} Kf8 34. Rxb6 Ra3 35. Ne6+ Kf7 36. Ng5+ Kf8 37. Ne6+ Kf7 38. Ng5+ Kf8 {Accuracy: White = 69%, Black = 54%.} 1/2-1/2

[Event "27th Fajr Cup Masters 2019"]
[Site "Tehran"]
[Date "2019.02.08"]
[Round "5.7"]
[White "Morchiashvili, Bachana"]
[Black "Grigoryan, Karen H."]
[Result "1-0"]
[WhiteElo "2334"]
[BlackElo "2590"]
[Annotator "TA"]
[PlyCount "83"]
[EventDate "2019.02.05"]
[EventType "swiss"]
[EventCountry "IRI"]
[SourceTitle "playchess.com"]
[Source "ChessBase"]
[SourceQuality "1"]

{[%evp 24,83,0,0,29,16,36,0,0,0,7,0,19,-23,0,-35,-36,-36,-57,-62,-23,-70,-76,-80,-81,-81,-91,-183,-174,-293,-289,-275,-205,-222,-222,-227,-83,-96,0,-77,-68,-77,0,0,0,0,0,0,0,0,995,925,671,618,29980,29976,29987,29988,29988,29989,29989,29990]} 1. d4 Nf6 2. c4 g6 3. Nc3 d5 4. cxd5 Nxd5 5. e4 Nxc3 6. bxc3 Bg7 7. Nf3 O-O $146 ({Predecessor:} 7... c5 8. Be3 O-O 9. Be2 b6 {0-1 (61) Alcaraz Ortega,J (2350)-Cori Tello,J (2549) Barcelona 2013}) 8. Be2 c5 9. O-O b6 10. Be3 Bb7 11. Qd3 e6 ({Predecessor:} 11... cxd4 12. cxd4 e6 {0-1 (61) Alcaraz Ortega,J (2350)-Cori Tello,J (2549) Barcelona 2013}) 12. Rad1 cxd4 13. cxd4 Nd7 {D85: Exchange Grünfeld: Unusual White 7th moves and lines with 7 Nf3} ({Predecessor:} 13... Nc6 14. Bg5 Qd6 15. d5 exd5 16. Qxd5 Qb8 17. Qd7 Na5 18. Be7 Bc6 19. Qd6 Re8 20. e5 Qb7 21. Bg5 {0-1 (61) Alcaraz Ortega,J (2350)-Cori Tello,J (2549) Barcelona 2013}) 14. Bg5 Qe8 15. Rfe1 Nf6 {The position is equal.} 16. Nd2 Qa4 17. Bf3 Rab8 {[%cal Ba8b8,Bb8b7,Bb7d7][%mdl 32]} 18. Bxf6 Bxf6 19. e5 Be7 20. Bxb7 Rxb7 21. Ne4 Rd8 22. Nf6+ Bxf6 $1 23. exf6 h6 (23... Qxa2 $6 24. Qe3 $14) 24. Re4 Rbd7 (24... Qxa2 25. Qe3 $16) 25. f4 (25. g3 $17) 25... Qxa2 $19 26. h4 (26. f5 $142 exf5 27. Qe3) 26... Qd5 27. g4 b5 28. Qe3 {Black should prevent f5.} Kh7 29. h5 Rg8 (29... gxh5 $19 {is more deadly.} 30. Re5 Qc4 31. Qe4+ Kg8 32. gxh5 Kh8) 30. Re5 $17 Qa8 (30... Qa2 $17 31. Rxb5 Qa4) 31. d5 (31. Kf2 $11) 31... Qd8 ({Much weaker is} 31... Rxd5 32. Rdxd5 exd5 33. Re7 $11) 32. g5 Qb6 ({But not} 32... exd5 $6 33. hxg6+ Rxg6 34. Kf2 $14) (32... gxh5 $17 {White must now prevent ...Qxf6.} 33. Kf2 b4) 33. hxg6+ $11 Rxg6 {[#] aiming for ...Qxe3+.} 34. Qxb6 axb6 {[%mdl 4096] Endgame KRR-KRR} 35. d6 b4 36. Kf2 hxg5 $2 {[%mdl 8192]} (36... Rg8 $11) 37. fxg5 $18 b3 38. Rb5 Kg8 {If only Black now had time for ...b2....} 39. Kf3 {White mates.} Kf8 40. Rxb6 Rd8 41. d7 Kg8 42. Kg4 {Accuracy: White = 48%, Black = 57%.} 1-0

[Event "27th Fajr Cup Masters 2019"]
[Site "Tehran"]
[Date "2019.02.08"]
[Round "5.8"]
[White "Volkov, Sergey"]
[Black "Veisi, Bardia"]
[Result "1/2-1/2"]
[WhiteElo "2585"]
[BlackElo "2243"]
[Annotator "TA"]
[PlyCount "152"]
[EventDate "2019.02.05"]
[EventType "swiss"]
[EventCountry "IRI"]
[SourceTitle "playchess.com"]
[Source "ChessBase"]
[SourceQuality "1"]

{[%evp 20,152,24,29,31,11,13,9,9,0,16,16,21,32,23,13,20,26,25,24,26,31,24,37,27,0,0,0,0,0,0,0,0,0,0,0,0,0,0,0,0,0,0,0,0,0,0,0,0,0,0,0,0,0,0,0,0,0,0,0,0,0,0,0,0,0,0,0,0,0,0,0,0,0,0,0,0,0,0,0,0,0,0,0,0,0,0,0,0,0,0,0,0,0,0,0,0,0,0,0,0,0,0,0,0,0,0,0,0,0,0,0,0,0,0,0,0,0,0,0,0,0,0,0,0,0,0,0,0,0,0,0,0,0,0]} 1. d4 (1. Nf3 Nf6 2. c4 g6 3. Nc3 Bg7 4. e4 d6 {½-½ (25) Le,Q (2703)-Gharamian,T (2672) Belfort 2012}) 1... Nf6 2. c4 g6 3. Nc3 Bg7 4. e4 d6 5. Nf3 $146 ({Predecessor:} 5. Be2 O-O {½-½ (55) Vera Gonzalez Quevedo,R (2547)-Slobodjan,R (2536) Havana 1999}) 5... O-O 6. Be2 e5 ({Predecessor:} 6... Nc6 7. Be3 e5 {½-½ (55) Vera Gonzalez Quevedo,R (2547)-Slobodjan,R (2536) Havana 1999}) 7. O-O Nc6 8. Be3 Ng4 9. Bg5 f6 10. Bc1 f5 11. Bg5 Qd7 {[%cal Re5d4] E97: King's Indian: Classical Main Line (6...e5 7 0-0 Nc6): 8 Be3 and 8 d5 Ne7, not 9 Ne1} 12. dxe5 (12. exf5 exd4 13. f6 Nxf6 14. Nxd4 Ne4 15. Nxe4 Nxd4 16. Bd3 Ne6 17. Qc2 Nxg5 18. Nxg5 Qg4 19. Ne4 Bd7 20. Nc3 Rae8 21. Be4 c6 22. Rad1 Be6 23. Ne2 Bf5 24. Bxf5 Rxe2 25. Bxg4 Rxc2 {½-½ (25) Le,Q (2703)-Gharamian,T (2672) Belfort 2012}) 12... Ngxe5 13. exf5 Qxf5 14. Nxe5 ({Predecessor:} 14. Qd2 Be6 15. Nd5 Qf7 16. Nxe5 {½-½ (55) Vera Gonzalez Quevedo,R (2547)-Slobodjan,R (2536) Havana 1999}) 14... Nxe5 (14... Qxe5 {keeps more tension.} 15. Qd2 Qd4 16. Qc1 Be6 17. Be3 Qh4) 15. Qd2 Be6 16. Nd5 Qf7 17. b3 ({Predecessor:} 17. Rac1 Rae8 18. b3 Kh8 19. Kh1 {½-½ (55) Vera Gonzalez Quevedo,R (2547)-Slobodjan,R (2536) Havana 1999}) 17... Rae8 18. Rad1 Nc6 19. Be3 Nd4 20. Bxd4 Bxd4 21. Qxd4 Bxd5 $1 22. cxd5 Rxe2 {The position is equal.} 23. Qxa7 b6 {[%cal Re2f2]} 24. Qa6 Rxf2 25. Qd3 Qf6 26. a4 Qb2 27. Rxf2 Qxf2+ $11 {[%mdl 4096] Endgame KQR-KQR} 28. Kh1 Re8 {[#] ( -> ...Re1+)} 29. h3 Re2 {[%csl Ge2][%cal Rf2g2]} 30. Rg1 Rd2 31. Qa6 {And now Qc8+ would win.} Kg7 32. b4 Rxd5 33. Qc4 Rd2 34. Qxc7+ Kh6 35. Qc1 Kg7 36. a5 bxa5 37. bxa5 Ra2 38. Qc4 Kh6 39. Qd5 Rd2 40. Qc6 d5 41. Qc1 Kg7 $1 42. Qc7+ Kh6 43. Qe5 d4 44. a6 Ra2 45. Qd6 Kg7 46. Qb6 Qf6 47. Qc7+ Qf7 48. Qd6 Qf2 49. Qb6 Qf6 50. Qb7+ Kh6 51. a7 Qa6 52. Qf7 {[#] Threatening mate with Qf8+.} Qxa7 53. Qf8+ Qg7 54. Qf4+ g5 55. Qd6+ Qg6 56. Qxd4 Qc6 57. Qb4 {aiming for Qf8+.} Qf6 58. Qb1 Qf2 59. Qb7 Qf6 60. Qb1 Qf2 61. Qb8 Qf6 62. Kh2 Qf4+ 63. Qxf4 gxf4 {KR-KR} 64. Rf1 Kg5 65. Rf3 Rb2 66. Ra3 h6 67. Ra5+ Kg6 68. Kg1 Rc2 69. Kf1 Rb2 70. Re5 Ra2 71. Re2 (71. Rb5 {is interesting.} h5 72. h4 Ra1+ 73. Kf2 Rh1 74. g3) 71... Rxe2 72. Kxe2 Kf5 73. Kf3 h5 74. Kf2 Ke4 75. Ke2 Kf5 76. Kd3 Ke5 {Accuracy: White = 89%, Black = 88%.} 1/2-1/2

[Event "27th Fajr Cup Masters 2019"]
[Site "Tehran"]
[Date "2019.02.08"]
[Round "6.1"]
[White "Ghaem Maghami, Ehsan"]
[Black "Khodashenas, Mersad"]
[Result "1-0"]
[WhiteElo "2540"]
[BlackElo "2455"]
[Annotator "TA"]
[PlyCount "113"]
[EventDate "2019.02.05"]
[EventType "swiss"]
[EventCountry "IRI"]
[SourceTitle "playchess.com"]
[Source "ChessBase"]
[SourceQuality "1"]

{[%evp 9,113,35,33,18,23,31,28,29,27,21,25,8,17,0,0,-37,31,0,0,-33,-25,-28,-37,-48,-41,-26,-24,-20,-22,-23,-27,-20,-18,-147,-146,-189,0,0,0,0,0,0,0,0,0,-15,191,197,224,190,204,218,192,192,177,192,245,223,420,376,412,397,364,394,376,351,436,441,466,454,429,489,489,489,489,489,644,638,621,597,762,699,1654,1393,29968,29969,29966,29965,29964,29955,6095,5285,29961,29962,29968,29963,29972,29962,29971,29971,29974,29975,29977,29978,29983,29984]} 1. Nf3 d5 2. d4 Nf6 3. c4 dxc4 4. e3 b5 5. a4 b4 6. Bxc4 {D25: Queen's Gambit Accepted: 4 e3: sidelines and 4...Bg4} e6 7. O-O (7. a5 a6 8. Nbd2 Bb7 9. O-O c5 10. Nb3 Nbd7 11. dxc5 Nxc5 12. Nxc5 Bxc5 {1-0 (45) Bluebaum,M (2631)-Anand,V (2776) Karlsruhe/Baden-Baden 2018}) 7... Bb7 8. Nbd2 {White has an edge.} Be7 9. Qe2 O-O 10. e4 c5 11. e5 Nd5 12. Nb3 Nd7 (12... Nb6 $15) 13. Rd1 $146 Rc8 14. Bd2 N5b6 15. Bb5 c4 16. Na5 Bxf3 17. Qxf3 {Hoping for Nc6.} Nb8 18. Nb7 Qc7 19. Nc5 Bxc5 20. dxc5 Qxc5 {And now ...a6 would win.} 21. Qe3 {[#]} (21. Rac1 $11 {remains equal.}) 21... Nd5 $1 $17 {[%cal Rd5e3]} 22. Qg3 {[#]} f5 $2 (22... a6 $1 $19 23. Bh6 g6) 23. exf6 $1 $11 Rxf6 24. Rac1 $36 {[%mdl 2048] Black must now prevent Bg5. White is more active.} c3 25. bxc3 bxc3 26. Bd3 Nd7 27. Be4 $1 Qd4 $2 {[#]} (27... a5 $11 {and Black stays safe.}) 28. Bh6 $1 $18 {[%csl Gh6][%cal Rg3g7][%mdl 512]} Qxd1+ (28... Rxh6 29. Rxd4) 29. Rxd1 {[%csl Gh6][%cal Rg3g7]} Rxh6 30. Qd6 Nf8 31. Rc1 Rh5 32. Bf3 Rh4 (32... Rf5 {was called for.} 33. Be4 Rh5) 33. g4 ({Don't take} 33. Bxd5 $6 exd5 34. f4 (34. Qxd5+ Kh8 $16) 34... Rh5) 33... h5 $2 (33... Nf6 34. Qa6 Rc7) 34. Bxd5 exd5 35. Qxd5+ Kh8 36. f3 ({Much less strong is} 36. gxh5 c2 $18) 36... hxg4 37. Qf5 {[%mdl 64] Double Attack} Re8 38. fxg4 Rh6 39. Rxc3 Re1+ 40. Kf2 Re8 41. Rc8 Rxc8 42. Qxc8 {[%mdl 4096] Endgame KQ-KRN} Kg8 43. Qc4+ Re6 44. h4 a6 45. h5 g6 46. h6 g5 47. Qd5 Kf7 48. Qxg5 Ng6 49. Kg3 Re5 50. Qd2 Kg8 51. Qd6 {White mates.} Kh7 52. Qxa6 Kxh6 53. Qb6 Rd5 54. Qe3+ Kg7 55. Qc3+ Kf7 56. a5 {[%cal Ba4a5,Ba5a6][%mdl 32]} Ne5 57. a6 {Accuracy: White = 72%, Black = 48%.} 1-0

[Event "27th Fajr Cup Masters 2019"]
[Site "Tehran"]
[Date "2019.02.08"]
[Round "6.2"]
[White "Ponkratov, Pavel"]
[Black "Kuzubov, Yuriy"]
[Result "1/2-1/2"]
[WhiteElo "2630"]
[BlackElo "2650"]
[Annotator "TA"]
[PlyCount "42"]
[EventDate "2019.02.05"]
[EventType "swiss"]
[EventCountry "IRI"]
[SourceTitle "playchess.com"]
[Source "ChessBase"]
[SourceQuality "1"]

{[%evp 25,42,5,21,0,9,6,14,11,0,4,16,12,14,10,11,0,0,0,0]} 1. e4 e5 2. Nf3 Nf6 3. Nxe5 d6 4. Nf3 Nxe4 5. d4 d5 6. Bd3 Nc6 $146 (6... Be7 7. O-O {1-0 (37) Nakamura,H (2787)-Akobian,V (2615) Saint Louis 2016}) ({Predecessor:} 6... Be7 7. O-O {0-1 (43) Belov,V (2595)-Bu,X (2673) Moscow 2010}) 7. O-O Be7 8. c4 Nb4 9. Be2 O-O 10. Nc3 Bf5 11. a3 Nxc3 12. bxc3 Nc6 13. Re1 Re8 {The position is equal.} 14. Bf4 {C42: Petroff Defence: 3 Nxe5 and unusual White 3rd moves} (14. Ra2 Na5 15. cxd5 Qxd5 16. Rb2 c6 17. Ne5 Bxa3 18. Bf3 Qd6 19. Rbe2 Bxc1 20. Qxc1 Be6 21. Be4 Rad8 {1-0 (37) Nakamura,H (2787)-Akobian,V (2615) Saint Louis 2016}) 14... dxc4 15. Bxc4 Bd6 16. Rxe8+ Qxe8 17. Ng5 Bg6 18. Bxd6 cxd6 19. h4 {[#] Black must now prevent h5.} Qe7 20. h5 Qxg5 21. hxg6 Qxg6 1/2-1/2

[Event "27th Fajr Cup Masters 2019"]
[Site "Tehran"]
[Date "2019.02.08"]
[Round "6.3"]
[White "Fedorchuk, Sergey A."]
[Black "Morchiashvili, Bachana"]
[Result "1-0"]
[WhiteElo "2604"]
[BlackElo "2334"]
[Annotator "TA"]
[PlyCount "61"]
[EventDate "2019.02.05"]
[EventType "swiss"]
[EventCountry "IRI"]
[SourceTitle "playchess.com"]
[Source "ChessBase"]
[SourceQuality "1"]

{[%evp 27,61,7,9,0,14,10,14,0,16,-27,-29,-31,-32,-21,0,-10,-2,-28,-30,-69,-80,-95,-101,-95,-95,-90,399,394,29995,29996,29999,-297,637,-90,29996,0]} 1. e4 c5 2. Nf3 d6 3. d4 cxd4 4. Nxd4 Nf6 5. Nc3 a6 6. Be2 e6 7. f4 Be7 8. Be3 O-O 9. O-O Nc6 10. Kh1 Qc7 11. Qe1 Nxd4 12. Bxd4 b5 13. Qg3 Bb7 14. a3 Bc6 15. Bd3 {B85: Sicilian Scheveningen: 6 Be2 a6, lines with early Be3} (15. Rae1 Rad8 16. Bf3 Ne8 17. Qf2 Rc8 18. Rd1 Bf6 19. Rfe1 Bxd4 20. Qxd4 Rd8 21. e5 Bxf3 22. gxf3 d5 23. f5 Qc4 {1-0 (62) Kravtsiv,M (2672)-Harikrishna,P (2744) Riadh 2017}) 15... e5 16. fxe5 Nh5 17. Qh3 {The position is equal.} dxe5 18. Bxe5 Qxe5 19. Rf5 {[%mdl 64] Double Attack} Qd4 {White must now prevent ...g6.} 20. Rxh5 g6 $36 {[%mdl 2048] [#] Black has the initiative.} 21. Rxh7 $146 ({Predecessor:} 21. Nd5 Bxd5 22. c3 Be6 23. cxd4 Bxh3 24. Rxh3 {½-½ (52) Matanovic,A (2525)-Tarjan,J (2490) Skopje 1976}) 21... Bg5 22. Rf1 (22. Ne2 $5 {[%cal Re2d4]} Qxb2 23. Rf1 $11) 22... Rad8 23. Ne2 Qe5 $1 24. Ng3 Bd7 $1 {[%cal Rd7h3]} (24... Qxb2 25. Nf5 $1 $16 {[%mdl 512]}) 25. Nf5 gxf5 (25... Qxb2 26. g4 $16) 26. exf5 Rfe8 $2 {[%mdl 8192]} (26... Qxb2 $2 27. Qg4 $1 $18 {[%mdl 512]}) (26... Qf6 $1 $17 {keeps the pressure on.} 27. Rh5 Qg7) 27. Qg4 $1 $18 {[%cal Rg4g5]} ({And not} 27. Qh5 Qf6 $17) 27... Qe3 $2 ({Of course not} 27... Kxh7 28. Qxg5 f6 29. Qg6+ Kh8 30. Rf3 $18) (27... Qf6 $18 28. Rh5 Kf8) 28. Qh5 {[%csl Gh7][%cal Rh5f7]} Qe5 29. Qh3 $4 {[%mdl 8192]} (29. Qxf7#) 29... Rf8 $4 {[%mdl 8192] [#]} ({But not} 29... Qxb2 30. Qg4 $19) (29... Bf6 $19 30. Qh5 Re7) 30. Rh5 $2 (30. Qg4 $1 $18 {[%cal Rg4g5][%mdl 512]} Qe3 31. Qh5) 30... Bc8 $2 {[%mdl 8192]} (30... Qg7 $17 31. Qf3 f6) 31. f6 $2 {[%mdl 32768] Accuracy: White = 32%, Black = 16%. . Loss on time!?} (31. Rxg5+ {mates} Qg7 32. Rxg7+ Kxg7 33. f6+ Kg8 34. Qh7#) 1-0

[Event "27th Fajr Cup Masters 2019"]
[Site "Tehran"]
[Date "2019.02.08"]
[Round "6.4"]
[White "Mousavi, Seyed Khalil"]
[Black "Mosadeghpour, Masoud"]
[Result "1/2-1/2"]
[WhiteElo "2485"]
[BlackElo "2531"]
[Annotator "TA"]
[PlyCount "77"]
[EventDate "2019.02.05"]
[EventType "swiss"]
[EventCountry "IRI"]
[SourceTitle "playchess.com"]
[Source "ChessBase"]
[SourceQuality "1"]

{[%evp 20,77,50,52,64,56,85,76,84,81,85,83,82,93,116,65,68,59,58,62,56,36,47,38,60,16,8,-3,50,10,48,47,50,42,47,0,0,0,16,0,0,0,0,0,49,50,54,48,51,0,54,0,0,0,0,0,0,0,0,0]} 1. c4 e6 2. Nc3 d5 3. d4 Nf6 4. Nf3 Be7 5. Bg5 O-O 6. e3 h6 7. Bxf6 Bxf6 8. Rc1 b6 9. cxd5 exd5 10. Bd3 Be6 11. O-O a6 $146 {D55: Queen's Gambit Declined: 4 Bg5 Be7: Lines without ...h6 and 6...h6 7 Bxf6} ({Predecessor:} 11... c6 12. Ne2 Qd6 13. Nf4 Nd7 14. Nxe6 fxe6 15. e4 e5 16. Bc2 dxe4 17. Bxe4 Rac8 18. Qb3+ Kh8 19. Bc2 {1-0 (79) Tkachiev,V (2644)-Sipila,V (2431) Istanbul 2012}) 12. Ne2 Nd7 13. Bb1 c5 {White is better.} 14. Nf4 Re8 15. dxc5 Nxc5 16. Nd4 Qd6 17. b4 (17. Ndxe6 $16 fxe6 18. Qc2) 17... Bxd4 $1 $14 18. Qxd4 Nd7 19. Rfd1 {[%cal Rf4d5]} Nf6 20. Rc3 Rac8 21. Rdc1 Rxc3 22. Qxc3 (22. Rxc3 {is more complex.} Bd7 23. Bd3 g5 24. Ne2 Ng4 25. Ng3) 22... Bd7 23. h3 Kf8 (23... d4 $11 24. Qd2 (24. Qxd4 Qxd4 25. exd4 g5 $11) 24... Qe5) 24. Qd2 Rc8 25. Rxc8+ Bxc8 26. a3 Qe5 27. Ba2 {[%cal Rf4d5]} Qa1+ 28. Kh2 Be6 29. Qc2 g5 30. Nxe6+ fxe6 31. Bb1 Qxa3 32. Qg6 Qb2 33. Qxh6+ Ke7 34. Bd3 (34. Qxg5 $14 Qxb1 35. Qg7+ Kd6 36. Qxf6) 34... Qxf2 (34... Qe5+ $11 35. g3 d4) 35. Qg7+ ({White should play} 35. Qxg5 $14 d4 36. exd4 (36. Bxa6 Kf7 $14)) 35... Kd6 $11 {The position is equal.} 36. Qf8+ Kd7 {[#] Hoping for ...Ng4+!} 37. Qf7+ Kd6 {Strongly threatening ...Ng4+!} 38. Qf8+ Kd7 {White must now prevent ...Ng4+!} 39. Qf7+ {Accuracy: White = 47%, Black = 49%.} 1/2-1/2

[Event "27th Fajr Cup Masters 2019"]
[Site "Tehran"]
[Date "2019.02.08"]
[Round "6.5"]
[White "Malakhatko, Vadim"]
[Black "Asgarizadeh, Ahmad"]
[Result "0-1"]
[WhiteElo "2525"]
[BlackElo "2423"]
[Annotator "TA"]
[PlyCount "52"]
[EventDate "2019.02.05"]
[EventType "swiss"]
[EventCountry "IRI"]
[SourceTitle "playchess.com"]
[Source "ChessBase"]
[SourceQuality "1"]

{[%evp 10,52,-12,-17,-16,-44,-13,-33,0,0,0,-7,-36,-35,-27,-33,0,-15,0,-23,12,-189,-156,-363,-363,-358,-366,-377,-329,-329,-329,-568,-556,-678,-681,-665,-673,-593,-575,-898,-829,-1083,-1095,-975,-914]} 1. Nf3 d5 2. c4 d4 3. g3 c5 4. b4 cxb4 5. a3 bxa3 6. Bxa3 Nc6 {A09: Réti Opening: 1 Nf3 d5 2 c4} 7. d3 Nf6 8. Bg2 g6 {Black is slightly better.} (8... e5 9. Bxf8 Kxf8 10. Nbd2 h6 11. O-O g6 12. Qa4 Kg7 13. Rfb1 Re8 14. Ne1 Qc7 15. Qb5 {0-1 (67) Pantsulaia,L (2601)-Korobov,A (2675) Baku 2016}) 9. Nbd2 Bg7 10. O-O O-O 11. Qa4 Qc7 12. Nb3 $146 ({Predecessor:} 12. Rfb1 Rd8 {1-0 (50) Padmini,R (2365)-Stupak,K (2542) Chennai 2019}) 12... Rd8 13. Rfb1 Rb8 14. Ne1 Nd7 {White must now prevent ...b5!} 15. Nc2 $2 {[#]} (15. Nc5 $11 {and White has nothing to worry.}) 15... b5 $1 $19 {[%cal Rb5a4][%mdl 512]} 16. Qxb5 $2 (16. cxb5 $17 Nb6 {[%mdl 64] Trapped Piece} 17. Bd6 Rxd6 18. Qa3) 16... Rxb5 17. cxb5 Ncb8 18. Ncxd4 Qb6 19. e3 Bb7 20. Bb4 $2 (20. Bxb7 Qxb7 21. Bxe7) 20... Bxg2 {Black is clearly winning.} 21. Ba5 Qb7 22. Bxd8 {White hopes to continue with e4.} Bh3 {[%csl Gh3][%cal Rb7g2]} 23. e4 Ne5 24. Nc5 Qc8 $1 {[%csl LRc5,LRd8][%mdl 64] Double Attack} 25. b6 axb6 26. Bxb6 Qg4 {Accuracy: White = 23%, Black = 73%.} 0-1